000 00756nab a2200229 u 4500
001 16811
003 HDC
007 cr bn ---aaaaa
008 210222c20110125xx dr|noo 0 a eng d
040 _aHDC
245 0 _aKuwait: Kuwait hosts 'halal' industry conference
260 _a[No place] :
_b[publisher not identified],
_c2011
336 _atext
_2rdacontent
337 _acomputer
_2rdamedia
338 _aonline resource
_2rdacarrier
650 _aHalal conference
_910360
650 _ahalal industry
_9144
856 _zRequest full-text at [email protected]
942 _2lcc
942 _cNEWS
942 _kNWSO 005775
999 _c14127
_d14127